Fundamentos del diseño en la ingeniería

Bibliographic Details
Main Author: García Melón, Mónica
Format: Section = Libro
Language:Undetermined
Spanish
Published: Valencia, España Limusa 2010
Subjects:
LEADER 00573nam a2200205Ia 4500
008 240829s9999 xx 000 0 und d
020 |a 978-607-05-0183-8 
040 |a BIBLIOTECA-RUSB/ 620.0042 F981 
041 |a spa 
082 |a 620.0042 F981 
100 1 |a García Melón, Mónica 
245 1 0 |a Fundamentos del diseño en la ingeniería 
260 |a Valencia, España  |b Limusa  |c 2010 
300 |a 373 p. :il. 
650 7 |a DISEÑO EN INGENERIA 
650 7 |b  INGENIERIA INDUSTRIAL 
650 7 |c  INGENERIA DE PROYECTO 
942 |c BK  |2 ddc 
991 |a TEXTO 
999 |c 2680